000 00697nam a22002417a 4500
003 UA-OsUOA
001 28591
007 ta
008 20050412b un ||||| |||| 00| 0 ukr d
090 _a94(47+57)
_bО-72
942 _cBK
040 _aUA-OsUOA
_brus
_cUA-OsUOA
_dUA-OsUOA
245 _aОсвободительная миссия Советских Вооружонных Сил во второй мировой войне
_cРед. А. А.Гречко
300 _a502 с.
_bІлюстрації
955 _a0
041 _arus
080 _a94(47+57)
260 _aМ.
_bПолитиздат
_c1974
044 _aRU
250 _n2-е изд.
650 7 _2UDC
999 _c314960
_d314960